[Event "Rapid"]
[Site "SchemingMind.com"]
[Date "2014.02.22"]
[Round "-"]
[White "emvarela"]
[Black "SAMAEL"]
[Result "1-0"]
[WhiteCountry "ARG"]
[BlackCountry "CAN"]
[WhiteElo "1753"]
[WhiteRD "48"]
[BlackElo "1720"]
[BlackRD "55"]
[GameID "348131"]

1. e4 e5 2. Nf3 d6 3. d4 exd4 4. Nxd4 Nf6 5. Nc3 Bd7 6. Bd3 Be7 7. f3 Nc6 8. Nxc6 Bxc6 9. O-O O-O 10. Be3 Re8
11. Nd5 Kh8 12. Nxe7 Qxe7 13. Qd2 Nd7 14. b4 a6 15. c4 Ne5 16. Bd4 f6 17. Bxe5 dxe5 18. a3 Rad8 19. Qe2 b6 20. Rfd1 Bb7
21. Bc2 Rxd1+ 22. Rxd1 Rd8 23. Rxd8+ Qxd8 24. Qd3 Qxd3 25. Bxd3 Kg8 26. Kf2 Kf7 27. Ke3 c6 28. c5 b5 29. Bc2 g5 30. Bb3+ Ke7
31. g3 h5 32. h4 gxh4 33. gxh4 Bc8 34. f4 Be6 35. Bxe6= exf4+ 36. Kf3 Kxe6= 37. Kxf4 Ke7 38. Kf5 Kf7 39. e5 fxe5 40. Kxe5 Ke7
41. Kf5
1-0

[Event "Rapid"]
[Site "SchemingMind.com"]
[Date "2014.02.19"]
[Round "-"]
[White "SAMAEL"]
[Black "emvarela"]
[Result "1-0"]
[WhiteCountry "CAN"]
[BlackCountry "ARG"]
[WhiteElo "1759"]
[WhiteRD "59"]
[BlackElo "1732"]
[BlackRD "45"]
[GameID "348132"]

1. c4 e5 2. e4 Nf6 3. d3 Bb4+ 4. Bd2 Bxd2+ 5. Nxd2 O-O 6. Ngf3 c6 7. Be2 d5 8. O-O dxe4 9. Nxe4 Nxe4 10. dxe4 Qf6
11. Qc2 Be6 12. Rad1 Nd7 13. b3 Rfd8 14. h3 Nf8 15. Nh2 Rxd1 16. Rxd1 Rd8 17. Rxd8 Qxd8 18. Qd3 Qxd3 19. Bxd3 Nd7 20. f3 Nc5
21. Be2 a5= 22. Kf2 f6= 23. Nf1 Bd7 24. Ke3 Ne6 25. Nd2 Nd4 26. Bd3 c5 27. Nb1 g6 28. Nc3 f5 29. Nd5 f4+ 30. Kf2 b5
31. Nf6+
1-0

[Event "Rapid"]
[Site "SchemingMind.com"]
[Date "2014.02.18"]
[Round "-"]
[White "Scooter"]
[Black "SAMAEL"]
[Result "0-1"]
[WhiteCountry "USA"]
[BlackCountry "CAN"]
[WhiteElo "1732"]
[WhiteRD "47"]
[BlackElo "1759"]
[BlackRD "59"]
[GameID "348133"]

1. d4 d5 2. Nf3 e6 3. Bf4 Nf6 4. h3 c5 5. c3 Nc6 6. e3 Bd7 7. Bb5 a6 8. Bxc6 Bxc6 9. O-O Be7 10. Nbd2 O-O
11. Ne5 Bd7 12. Qb3 b5 13. dxc5 Bxc5 14. Nxd7 Qxd7 15. Nf3 Bd6 16. Bxd6 Qxd6 17. Rfd1 Qc5 18. Ne5 Rfd8 19. Rac1 Nd7 20. Nxd7 Rxd7
21. e4 Rad8 22. exd5 Rxd5 23. Rxd5 Qxd5 24. c4 bxc4 25. Qxc4 Qd6 26. Qc7 g6 27. Qa7 Kg7 28. Rc7 Qf4 29. Rd7 Rxd7 30. Qxd7 Qc1+
31. Kh2 Qxb2 32. a4 Qxf2 33. Qd6 Qe2 34. Qd4+ e5 35. Qc3 Qe4 36. a5 Qd4 37. Qc6 Qf4+ 38. Kh1 Qf1+ 39. Kh2 Qf6 40. Qb7 h5
41. Qb6 Qe6 42. Kg3 g5 43. Qe3 f6 44. Qa7+ Kg6 45. Qb6 h4+ 46. Kh2 Qc4 47. Kh1 e4
0-1

[Event "Rapid"]
[Site "SchemingMind.com"]
[Date "2014.02.20"]
[Round "-"]
[White "SAMAEL"]
[Black "Scooter"]
[Result "1-0"]
[WhiteCountry "CAN"]
[BlackCountry "USA"]
[WhiteElo "1759"]
[WhiteRD "59"]
[BlackElo "1732"]
[BlackRD "47"]
[GameID "348134"]

1. Nf3 Nf6 2. Nc3 g6 3. d4 Bg7 4. Bd2 O-O 5. e3 d6 6. Be2 Bg4 7. h3 Bxf3 8. Bxf3 c6 9. O-O Nbd7 10. Rc1 e5
11. Ne4 Nxe4 12. Bxe4 exd4 13. exd4 d5 14. Bd3 Re8 15. c3 Nf6 16. Re1 Qd7 17. Qf3 Rxe1+ 18. Rxe1 Re8 19. Rxe8+ Qxe8 20. Qe3 Qxe3
21. Bxe3 Nd7 22. g4 b6 23. Bf1 Nf6 24. Bg2 Ne4 25. Bxe4 dxe4 26. Kg2 f5= 27. gxf5 gxf5 28. Kg3 Kf7 29. a4 Bf8= 30. b4 Bd6+
31. Bf4 Ke6 32. Bxd6 Kxd6 33. Kf4 Ke6 34. c4 h6 35. h4 a6 36. b5 axb5 37. axb5 cxb5 38. cxb5 h5 39. d5+
1-0

[Event "Rapid"]
[Site "SchemingMind.com"]
[Date "2014.02.18"]
[Round "-"]
[White "kenneth m day"]
[Black "SAMAEL"]
[Result "1/2-1/2"]
[WhiteCountry "USA"]
[BlackCountry "CAN"]
[WhiteElo "1757"]
[WhiteRD "49"]
[BlackElo "1720"]
[BlackRD "55"]
[GameID "348135"]

1. e4 e5 2. f4 d6 3. Nf3 exf4 4. d4 a6 5. Bxf4 Nf6 6. Nc3 Bg4 7. Be2 Be7 8. O-O O-O 9. h3 Bh5 10. Qd2 Re8
11. Rad1 Bg6 12. e5 dxe5 13. Nxe5 Nbd7 14. Nxg6 fxg6 15. Bf3 c6 16. Rfe1 Nb6 17. Qd3 Nbd5 18. Bg3 Nxc3 19. Qxc3 Kh8 20. a3 Bd6
21. Rxe8+ Nxe8 22. Bf2 Qc7 23. d5 c5 24. Re1 Nf6 25. Re6 Re8 26. Qe3 Rd8 27. Bh4 Rf8 28. Bxf6 gxf6 29. c4 Be5 30. Qh6 Qg7
31. Qxg7+ Kxg7 32. b3 Kf7 33. Rb6 Rb8 34. Kf2 Bc7 35. Re6 Re8 36. Rxe8 Kxe8 37. Ke3 b6 38. g4 g5 39. Ke4 h6 40. Kf5 Kf7
41. Be4 a5 42. Bf3=
1/2-1/2

[Event "Rapid"]
[Site "SchemingMind.com"]
[Date "2014.02.18"]
[Round "-"]
[White "SAMAEL"]
[Black "kenneth m day"]
[Result "1-0"]
[WhiteCountry "CAN"]
[BlackCountry "USA"]
[WhiteElo "1743"]
[WhiteRD "66"]
[BlackElo "1767"]
[BlackRD "48"]
[GameID "348136"]

1. d4 Nf6 2. Nf3 d5 3. e3 Bf5 4. Be2 Nc6 5. a3 e6 6. O-O Bd6 7. c4 dxc4 8. Bxc4 h6 9. Nc3 O-O 10. h3 Re8
11. Re1 a6 12. e4 b5 13. Bb3 Nxe4 14. Nxe4 Bxe4 15. Rxe4 Qf6 16. Bd2 Ne7 17. Bc3 Qg6 18. Bc2 Qh5 19. Rh4
1-0

[Event "Rapid"]
[Site "SchemingMind.com"]
[Date "2014.02.18"]
[Round "-"]
[White "simpet"]
[Black "SAMAEL"]
[Result "1-0"]
[WhiteCountry "ENG"]
[BlackCountry "CAN"]
[WhiteElo "1632"]
[WhiteRD "55"]
[BlackElo "1759"]
[BlackRD "59"]
[GameID "348137"]

1. e4 e5 2. Bc4 d6 3. Nf3 h6 4. d3 Nf6 5. O-O Be7 6. Be3 O-O 7. Nc3 c5 8. Nd5 Nc6 9. a3 a6 10. Qd2 Ng4
11. h3 Nxe3 12. Nxe3 Bf6 13. Nf5 Bxf5 14. exf5 Qd7 15. Bd5 Rab8 16. b4 e4 17. dxe4 Bxa1 18. Rxa1 b6 19. c3 Kh8 20. Nh4 Rfe8
21. f6 g5 22. Nf5 Kh7 23. h4 Rg8 24. g4 Ne5 25. Qe2 Rbe8 26. h5 b5 27. Rd1 c4 28. a4 Nd3 29. axb5 axb5 30. Ra1 Ra8
31. Bxa8
1-0

[Event "Rapid"]
[Site "SchemingMind.com"]
[Date "2014.02.18"]
[Round "-"]
[White "SAMAEL"]
[Black "simpet"]
[Result "1-0"]
[WhiteCountry "CAN"]
[BlackCountry "ENG"]
[WhiteElo "1759"]
[WhiteRD "59"]
[BlackElo "1632"]
[BlackRD "55"]
[GameID "348138"]

1. c4 e5 2. e4 Nf6 3. d3 Bc5 4. h3 d6 5. Nf3 Nc6 6. a3 O-O 7. Be2 Nd4 8. O-O Nxe2+ 9. Qxe2 Be6 10. Nc3 Qd7
11. Ng5 h6 12. Nxe6 Qxe6 13. Be3 Nd7 14. Nd5 Rac8 15. b4 Bxe3 16. Nxe3 c6 17. f4 f6 18. f5 Qf7 19. Kh1 a6 20. g4 b5
21. Rfc1 Nb6 22. c5 dxc5 23. Rxc5 Na4 24. Rc2 Rc7 25. Rac1 Rfc8 26. Kg2 c5 27. Nd5 Rc6 28. Qf2 c4 29. dxc4 Rxc4 30. Rxc4 bxc4
31. Qe2 c3 32. Qxa6 Qd7 33. Qxc8+ Qxc8 34. Ne7+
1-0

[Event "Rapid"]
[Site "SchemingMind.com"]
[Date "2014.02.19"]
[Round "-"]
[White "SAMAEL"]
[Black "Simon Green"]
[Result "1/2-1/2"]
[WhiteCountry "CAN"]
[BlackCountry "ENG"]
[WhiteElo "1759"]
[WhiteRD "59"]
[BlackElo "1632"]
[BlackRD "57"]
[GameID "348139"]

1. Nc3 e6 2. Nf3 d5 3. d4 Nf6 4. e3 c5 5. Be2 Nc6 6. O-O c4 7. a3 Be7 8. Bd2 O-O 9. h3 b5 10. Na2 Qc7
11. c3 a5 12. Nh2 a4 13. Ng4 Nxg4 14. Bxg4 f5 15. Be2 Na5 16. Qc2 Nb3 17. Rab1 Bd7 18. Nc1 Bd6 19. Nxb3 axb3 20. Qd1 Rf6
21. f4 Raf8 22. Kh1 g6 23. Rf3 Bc6 24. h4 R6f7 25. Rg3 Rg7 26. Rh3 h5 27. Bf3 Be8 28. g3 Qa5 29. Qf1 Rff7 30. Qg2 Qd8
31. Rh2 Be7 32. Qe2 Rh7 33. Qf1=
1/2-1/2

[Event "Rapid"]
[Site "SchemingMind.com"]
[Date "2014.02.18"]
[Round "-"]
[White "Simon Green"]
[Black "SAMAEL"]
[Result "0-1"]
[WhiteCountry "ENG"]
[BlackCountry "CAN"]
[WhiteElo "1602"]
[WhiteRD "54"]
[BlackElo "1743"]
[BlackRD "66"]
[GameID "348140"]

1. d4 d5 2. e3 Nf6 3. Bd3 e6 4. f4 c5 5. c3 Nc6 6. Nf3 h6 7. O-O Be7 8. Nbd2 O-O 9. Qe1 Nh7 10. Ne5 Nxe5
11. fxe5 f5 12. exf6 Nxf6 13. e4 dxe4 14. Nxe4 cxd4 15. Nxf6+ Bxf6 16. cxd4 Qxd4+ 17. Qe3 Qd6 18. Qf3 Bd4+
0-1

[Event "Rapid"]
[Site "SchemingMind.com"]
[Date "2014.02.19"]
[Round "-"]
[White "SAMAEL"]
[Black "elmar"]
[Result "0-1"]
[WhiteCountry "CAN"]
[BlackCountry "AZE"]
[WhiteElo "1743"]
[WhiteRD "66"]
[BlackElo "2043"]
[BlackRD "70"]
[GameID "348141"]

1. e4 e5 2. Nf3 Nc6 3. c4 Nf6 4. d3 Bc5 5. h3 d6 6. Be2 O-O 7. O-O a6 8. Nc3 Be6 9. Re1 Nd4 10. Bf1 c6
11. b3 Qc7 12. Na4 Ba7 13. Bb2 Nxf3+ 14. Qxf3 Nd7 15. Bc3 f5 16. Qe2 fxe4 17. dxe4 Rxf2
0-1

[Event "Rapid"]
[Site "SchemingMind.com"]
[Date "2014.02.18"]
[Round "-"]
[White "elmar"]
[Black "SAMAEL"]
[Result "1-0"]
[WhiteCountry "AZE"]
[BlackCountry "CAN"]
[WhiteElo "2043"]
[WhiteRD "70"]
[BlackElo "1743"]
[BlackRD "66"]
[GameID "348142"]

1. d4 d5 2. c4 e6 3. Nc3 Nf6 4. Bg5 Be7 5. e3 h6 6. Bxf6 Bxf6 7. Nf3 dxc4 8. Bxc4 Nc6 9. O-O O-O 10. Rc1 a6
11. Ne4 Bd7 12. a3 Be7 13. Ba2 Rc8 14. Qd3 Na7 15. Rfd1 Nb5 16. Ne5 Nd6 17. Bb1 f5 18. Nc5 Bb5 19. Qb3 Qe8 20. Nxe6
1-0

[Event "Rapid"]
[Site "SchemingMind.com"]
[Date "2014.02.23"]
[Round "-"]
[White "CLewis73"]
[Black "bobbassbone"]
[Result "1-0"]
[WhiteCountry "ENG"]
[BlackCountry "ENG"]
[WhiteElo "1761"]
[WhiteRD "88"]
[BlackElo "1623"]
[BlackRD "63"]
[GameID "348318"]

1. e4 c6 2. Nc3 d5 3. Qf3 Nf6 4. e5 Nfd7 5. d4 Nb6 6. Bd3 h6 7. Qg3 N8d7 8. Be3 g6 9. f4 e6 10. h4 Bb4
11. h5 Bxc3+ 12. bxc3 Qe7 13. hxg6 fxg6 14. Qxg6+ Qf7 15. Rxh6 Rxh6 16. Qxh6 Kd8 17. g4 Nb8 18. f5 exf5 19. Qd6+ Qd7 20. Bg5+ Ke8
21. Qg6+ Qf7 22. Qxf7+ Kxf7 23. Bxf5 Bxf5 24. gxf5 Na6 25. O-O-O Rg8 26. Nf3 Nc7 27. Rh1
1-0

[Event "Rapid"]
[Site "SchemingMind.com"]
[Date "2014.02.21"]
[Round "-"]
[White "bobbassbone"]
[Black "CLewis73"]
[Result "0-1"]
[WhiteCountry "ENG"]
[BlackCountry "ENG"]
[WhiteElo "1606"]
[WhiteRD "61"]
[BlackElo "1708"]
[BlackRD "77"]
[GameID "348319"]

1. d4 c5 2. d5 f5 3. Bf4 d6 4. Nf3 Na6 5. c4 Nf6 6. Nc3 g6 7. e3 Nc7 8. Be2 Bg7 9. Qc2 O-O 10. O-O Nh5
11. Bg3 Nxg3 12. hxg3 e5 13. Kh2 e4 14. Ne1 Bd7 15. Rh1 a5 16. Kg1 Na6 17. a3 Nc7 18. Na4 b5 19. Nb6 Rb8 20. Nxd7 Qxd7
21. cxb5 Nxb5 22. Rb1 Nc7 23. f3 Nxd5 24. Bc4 Qb7 25. Bxd5+ Qxd5 26. fxe4 Qxe4 27. Qxe4 fxe4 28. Nc2 Rxb2 29. Rxb2 Bxb2 30. a4 d5
31. Rh4 Be5 32. Rg4 Rb8 33. Rg5 Re8 34. Kf2 d4 35. exd4 cxd4 36. Rg4 Rf8+ 37. Ke1 d3 38. Ne3 Bc3+ 39. Kd1 Rb8 40. Kc1 Re8
41. Nd5 Bg7 42. Kd2 Bh6+ 43. Kd1 Bg7 44. Rf4 e3
0-1

[Event "Rapid"]
[Site "SchemingMind.com"]
[Date "2014.02.21"]
[Round "-"]
[White "fouche"]
[Black "bobbassbone"]
[Result "0-1"]
[WhiteCountry "COL"]
[BlackCountry "ENG"]
[WhiteElo "1628"]
[WhiteRD "63"]
[BlackElo "1606"]
[BlackRD "61"]
[GameID "348320"]

1. d4 c6 2. e4 d5 3. Nc3 dxe4 4. Nxe4 Bf5 5. Ng3 Bg6 6. Nf3 h6 7. Bc4 e6 8. O-O Nf6 9. Re1 Bb4 10. c3 Ba5
11. Bf4 Bc7 12. Bxc7 Qxc7 13. Ne5 Bh7 14. Bd3 Bxd3 15. Qxd3 Nbd7 16. Rad1 O-O 17. Nxd7 Qxd7 18. Ne4 Nxe4 19. Qxe4 Rad8 20. g3 Qc7
21. c4 Rfe8 22. b4 Rd7 23. a4 Red8 24. Rd2 Qb6 25. b5 Rxd4 26. Rxd4 Rxd4 27. Qc2 Qc5 28. Rc1 cxb5 29. axb5 e5 30. Qe2 f6
31. h4 a6 32. bxa6 bxa6 33. Kg2 a5 34. Qa2 Kf8 35. Qa4 Ke7 36. f3 Rd2+ 37. Kh3 Rd4 38. g4 e4 39. fxe4 Rxe4 40. Qb5 Qe3+
0-1

[Event "Rapid"]
[Site "SchemingMind.com"]
[Date "2014.02.21"]
[Round "-"]
[White "bobbassbone"]
[Black "fouche"]
[Result "0-1"]
[WhiteCountry "ENG"]
[BlackCountry "COL"]
[WhiteElo "1606"]
[WhiteRD "61"]
[BlackElo "1628"]
[BlackRD "63"]
[GameID "348321"]

1. d4 f5 2. Bf4 e6 3. e3 Nf6 4. Nd2 Be7 5. c3 O-O 6. Ngf3 Nc6 7. Bd3 d6 8. h3 Bd7 9. O-O d5 10. Re1 Ne4
11. Bxe4 dxe4 12. Ne5 Nxe5 13. Bxe5 Bd6 14. Nc4 Be7 15. Qb3 Rb8 16. Rad1 Kh8 17. d5 Qe8 18. Bxc7 Rc8 19. Bf4 exd5 20. Ne5 Be6
21. Qc2 g5 22. Bh2 Bf6 23. Rd2 Bxe5 24. Bxe5+ Kg8 25. Red1 Qc6 26. Bd4 a5 27. a3 b5 28. Rc1 Rf7 29. Qd1 Rfc7 30. Qh5 Qe8
31. Qxg5+ Qg6 32. Qxg6+ hxg6 33. Be5 Rc6 34. Kh2 b4 35. axb4 axb4 36. Kg3 bxc3 37. bxc3 Kf7 38. Kf4 Rc4 39. Ra2 d4 40. Bxd4 Rxd4
0-1

[Event "Rapid"]
[Site "SchemingMind.com"]
[Date "2014.02.25"]
[Round "-"]
[White "emvarela"]
[Black "bobbassbone"]
[Result "1-0"]
[WhiteCountry "ARG"]
[BlackCountry "ENG"]
[WhiteElo "1753"]
[WhiteRD "48"]
[BlackElo "1601"]
[BlackRD "63"]
[GameID "348322"]

1. e4 c6 2. d4 d5 3. Nc3 dxe4 4. Nxe4 Bf5 5. Ng3 Bg6 6. h4 h6 7. Nf3 Nf6 8. h5 Bh7 9. Bd3 Bxd3 10. Qxd3 Nbd7
11. Bf4 e6 12. O-O-O Nd5 13. Bd2 Be7 14. c4 N5f6 15. Bf4 Rc8 16. Ne5 O-O 17. Nxd7 Qxd7 18. f3 Bd6 19. Bxd6 Qxd6 20. Ne4 Nxe4
21. Qxe4 Rfd8 22. Qe5 Qxe5 23. dxe5 Kf8 24. Rxd8+ Rxd8 25. Rd1 Ke7 26. Rxd8 Kxd8 27. Kd2 c5 28. Kd3 Kd7 29. g4 a6 30. Ke4 a5
31. f4 b6 32. a4 Kc7 33. g5 Kd7 34. gxh6 gxh6 35. f5= exf5+ 36. Kxf5 Ke7 37. b3 Ke8 38. Kf6 Kf8 39. e6 fxe6 40. Kxe6 Kg7
41. Ke7 Kg8 42. Kf6 Kh7 43. Kf7 Kh8 44. Kg6 Kg8 45. Kxh6 Kh8 46. Kg6 Kg8 47. Kf6
1-0

[Event "Rapid"]
[Site "SchemingMind.com"]
[Date "2014.02.25"]
[Round "-"]
[White "bobbassbone"]
[Black "emvarela"]
[Result "0-1"]
[WhiteCountry "ENG"]
[BlackCountry "ARG"]
[WhiteElo "1606"]
[WhiteRD "61"]
[BlackElo "1732"]
[BlackRD "45"]
[GameID "348323"]

1. d4 Nf6 2. Bf4 d5 3. e3 e6 4. c3 Bd6 5. Bg3 Bxg3 6. hxg3 c6 7. Bd3 Nbd7 8. Nd2 Qb6 9. Qc2 c5 10. Ngf3 c4
11. Be2 Qd6 12. Ne5 Nxe5 13. dxe5 Qxe5 14. O-O-O Bd7 15. Nf3 Qe4 16. Qxe4 Nxe4 17. Rdf1 f6 18. Nd2 Nxd2 19. Kxd2 h6 20. Bh5+ Ke7
21. Bf3 b5 22. a3 Kd6 23. Re1 e5 24. Rd1 Be6 25. Ke2 Rhd8 26. Rh4 Kc5 27. Bg4 Bxg4+ 28. Rxg4 g5 29. Rgd4 exd4
0-1

[Event "Rapid"]
[Site "SchemingMind.com"]
[Date "2014.02.20"]
[Round "-"]
[White "Scooter"]
[Black "bobbassbone"]
[Result "1-0"]
[WhiteCountry "USA"]
[BlackCountry "ENG"]
[WhiteElo "1731"]
[WhiteRD "46"]
[BlackElo "1623"]
[BlackRD "63"]
[GameID "348324"]

1. d4 c6 2. Nf3 d5 3. Bf4 Nf6 4. e3 Bg4 5. Be2 e6 6. O-O h6 7. c3 Nbd7 8. Nbd2 c5 9. h3 Bxf3 10. Nxf3 cxd4
11. cxd4 Bb4 12. a3 Ba5 13. b4 Bc7 14. Bxc7 Qxc7 15. Rc1 Qb6 16. Qa4 Qd8 17. Ne5 O-O 18. Nxd7 Nxd7 19. Rc2 Nb6 20. Qb3 Rc8
21. Rfc1 Rxc2 22. Rxc2 Qd7 23. b5 Rc8 24. Rxc8+ Qxc8 25. a4 Nc4 26. Bxc4 Qxc4 27. Qxc4 dxc4 28. Kf1 Kf8 29. Ke2 Ke7 30. e4 Kd6
31. Kd2 f5 32. f3 b6 33. Kc3 e5 34. Kxc4 exd4 35. Kxd4 fxe4 36. fxe4 g5 37. g4 Ke6 38. e5 Kd7 39. Kd5 Ke7 40. e6
1-0

[Event "Rapid"]
[Site "SchemingMind.com"]
[Date "2014.02.20"]
[Round "-"]
[White "bobbassbone"]
[Black "Scooter"]
[Result "1-0"]
[WhiteCountry "ENG"]
[BlackCountry "USA"]
[WhiteElo "1623"]
[WhiteRD "63"]
[BlackElo "1731"]
[BlackRD "46"]
[GameID "348325"]

1. d4 Nf6 2. Bf4 g6 3. e3 Bg7 4. c3 O-O 5. Nd2 d6 6. Ngf3 Bg4 7. Be2 Nbd7 8. h3 Bxf3 9. Bxf3 c6 10. O-O Re8
11. Re1 e5 12. dxe5 dxe5 13. Bg3 Nc5 14. Nf1 Nd3 15. Re2 e4 16. Rd2 exf3 17. Rxd3 Qb6 18. b3 fxg2 19. Kxg2 Red8 20. Rxd8+ Rxd8
21. Qc2 Nd5 22. Rd1 Nxc3 23. Rxd8+ Qxd8 24. Nd2 Nd5 25. Qd3 Qd7 26. Qc2 Bh6 27. Qc5 b6 28. Qd4 Nxe3+ 29. fxe3 Qxd4 30. exd4 Bxd2
31. Bb8 Be3 32. Bxa7 Bxd4 33. a4 f5 34. a5 Kf7 35. Bxb6 Be5 36. a6 Bb8 37. a7 Bxa7 38. Bxa7 Ke6 39. b4 h5 40. h4 Ke5
41. Kf3
1-0

[Event "Rapid"]
[Site "SchemingMind.com"]
[Date "2014.02.21"]
[Round "-"]
[White "kenneth m day"]
[Black "bobbassbone"]
[Result "1-0"]
[WhiteCountry "USA"]
[BlackCountry "ENG"]
[WhiteElo "1767"]
[WhiteRD "48"]
[BlackElo "1623"]
[BlackRD "63"]
[GameID "348326"]

1. e4 c6 2. c4 Nf6 3. Nc3 d5 4. cxd5 cxd5 5. exd5 Nxd5 6. d4 Nxc3 7. bxc3 e6 8. Nf3 Nc6 9. Bd3 Bd7 10. O-O Be7
11. Re1 Rc8 12. Bf4 h6 13. Ne5 Bd6 14. Nxf7 Kxf7 15. Bxd6 Ne7 16. Qf3+ Ke8 17. Re4 Rxc3 18. Rf4 Nd5 19. Rf8+
1-0

[Event "Rapid"]
[Site "SchemingMind.com"]
[Date "2014.02.20"]
[Round "-"]
[White "bobbassbone"]
[Black "kenneth m day"]
[Result "1-0"]
[WhiteCountry "ENG"]
[BlackCountry "USA"]
[WhiteElo "1606"]
[WhiteRD "61"]
[BlackElo "1769"]
[BlackRD "48"]
[GameID "348327"]

1. d4 d5 2. Bf4 Nf6 3. e3 Bg4 4. Be2 h5 5. h3 Bf5 6. Nd2 Nbd7 7. Ngf3 e6 8. c3 Ne4 9. Nxe4 Bxe4 10. Bd3 Nf6
11. Ng5 Bxd3 12. Qxd3 Bd6 13. Bxd6 Qxd6 14. Nf3 O-O-O 15. Ne5 Rhf8 16. O-O Ne4 17. c4 c5 18. cxd5 exd5 19. Rac1 b6 20. dxc5 Nxc5
21. Qd4 Kb7 22. b4 Ne4 23. Rc6 Qe7 24. Rfc1 Rc8 25. Rxc8 Rxc8 26. Qxd5+ Kb8 27. Rxc8+ Kxc8 28. Qxe4 f6 29. Qa8+ Kc7 30. Qxa7+ Kd6
31. Qxe7+ Kxe7 32. Ng6+ Ke6 33. Nf4+
1-0

[Event "Rapid"]
[Site "SchemingMind.com"]
[Date "2014.02.20"]
[Round "-"]
[White "simpet"]
[Black "bobbassbone"]
[Result "0-1"]
[WhiteCountry "ENG"]
[BlackCountry "ENG"]
[WhiteElo "1622"]
[WhiteRD "54"]
[BlackElo "1623"]
[BlackRD "63"]
[GameID "348328"]

1. e4 c6 2. Bc4 d5 3. exd5 cxd5 4. Bb3 Nf6 5. Nf3 Bg4 6. O-O e6 7. d4 Nc6 8. c3 Bd6 9. Bg5 Be7 10. Nbd2 O-O
11. h3 Bxf3 12. Nxf3 Nd7 13. Bxe7 Qxe7 14. Bc2 Nf6 15. Qd3 g6 16. Rae1 Rac8 17. Ng5 Na5 18. f4 Nc4 19. b3 Nd6 20. Qg3 Nb5
21. Re3 Nxd4 22. cxd4 Rxc2 23. a4 Rfc8 24. f5 Rc1 25. Rxc1 Rxc1+ 26. Kh2 Nh5 27. Qb8+ Kg7 28. Nxe6+ fxe6 29. Rxe6 Qf7 30. Qe5+ Nf6
31. Rxf6 Qxf6 32. Qxd5 Qxf5 33. Qxb7+ Qf7 34. Qb8 Qc7+ 35. Qxc7+ Rxc7
0-1

[Event "Rapid"]
[Site "SchemingMind.com"]
[Date "2014.02.20"]
[Round "-"]
[White "bobbassbone"]
[Black "simpet"]
[Result "1-0"]
[WhiteCountry "ENG"]
[BlackCountry "ENG"]
[WhiteElo "1623"]
[WhiteRD "63"]
[BlackElo "1622"]
[BlackRD "54"]
[GameID "348329"]

1. d4 Nf6 2. Bf4 e6 3. e3 d5 4. c3 Bd6 5. Bg3 Bxg3 6. hxg3 Nc6 7. Nf3 Bd7 8. Nbd2 Qe7 9. Bd3 h6 10. Qc2 Ng4
11. O-O-O Nxf2 12. Qb3 O-O-O 13. Bb5 Nxh1 14. Rxh1 Kb8 15. Bxc6 Bxc6 16. Ne5 Rd6 17. Rf1 f6 18. Nxc6+ Rxc6 19. Kb1 Rb6 20. Qc2 Qa3
21. Nb3 Rc8 22. bxa3
1-0

[Event "Rapid"]
[Site "SchemingMind.com"]
[Date "2014.02.20"]
[Round "-"]
[White "SAMAEL"]
[Black "bobbassbone"]
[Result "1-0"]
[WhiteCountry "CAN"]
[BlackCountry "ENG"]
[WhiteElo "1759"]
[WhiteRD "59"]
[BlackElo "1606"]
[BlackRD "61"]
[GameID "348330"]

1. e4 c6 2. Nf3 d5 3. exd5 cxd5 4. d4 Nf6 5. Be2 e6 6. Bf4 Bd6 7. Bg3 Nc6 8. Nbd2 Bxg3 9. fxg3 Bd7 10. c3 O-O
11. Qc2 h6 12. O-O-O Rc8 13. a3 a6 14. Kb1 b5 15. Qd3 Na5 16. Rc1 Bc6 17. Rhf1 Nb7 18. Ne5 Qb6 19. Ng4 Nxg4 20. Bxg4 a5
21. b4 axb4 22. axb4 Ra8 23. Kb2 Ra4 24. Ra1 Rfa8 25. Nb3 Nd6 26. Rfb1 Qa7 27. Rxa4 bxa4 28. Ra1 Nc4+ 29. Kc1 Qb7 30. Nc5 Qa7
31. Bd1 a3 32. Ra2 Ba4 33. Nxa4
1-0

[Event "Rapid"]
[Site "SchemingMind.com"]
[Date "2014.02.20"]
[Round "-"]
[White "bobbassbone"]
[Black "SAMAEL"]
[Result "0-1"]
[WhiteCountry "ENG"]
[BlackCountry "CAN"]
[WhiteElo "1623"]
[WhiteRD "63"]
[BlackElo "1743"]
[BlackRD "66"]
[GameID "348331"]

1. Nf3 Nf6 2. c4 c5 3. g3 e6 4. Bg2 Nc6 5. b3 d6 6. Bb2 Bd7 7. d3 Be7 8. Nbd2 h6 9. O-O O-O 10. d4 Qc7
11. dxc5 dxc5 12. Qc2 Nh7 13. Ne4 e5 14. Rad1 f6 15. Rd2 Nd4 16. Nxd4 cxd4 17. Qd3 Rad8 18. Qf3 Bc6 19. e3 f5
0-1

[Event "Rapid"]
[Site "SchemingMind.com"]
[Date "2014.02.20"]
[Round "-"]
[White "Simon Green"]
[Black "bobbassbone"]
[Result "1-0"]
[WhiteCountry "ENG"]
[BlackCountry "ENG"]
[WhiteElo "1602"]
[WhiteRD "54"]
[BlackElo "1623"]
[BlackRD "63"]
[GameID "348332"]

1. d4 c6 2. e3 d5 3. Bd3 Nf6 4. f4 Bg4 5. Nf3 e6 6. O-O Nbd7 7. Nbd2 Bb4 8. c3 Ba5 9. Qe1 O-O 10. Ne5 Nxe5
11. fxe5 Nd7 12. Qg3 Bh5 13. e4 Bg6 14. exd5 Bxd3 15. Qxd3 cxd5 16. b4 Bb6 17. Nf3 h6 18. Qe3 Rc8 19. Bd2 Rc7 20. Rf2 f6
21. exf6 Nxf6 22. Ne5 Rc8 23. Raf1 Bc7 24. Qg3 Bxe5 25. Qxe5 Qe7 26. Bxh6 gxh6 27. Rxf6 Rxf6 28. Rxf6 Qg7 29. Qxe6+
1-0

[Event "Rapid"]
[Site "SchemingMind.com"]
[Date "2014.02.20"]
[Round "-"]
[White "bobbassbone"]
[Black "Simon Green"]
[Result "0-1"]
[WhiteCountry "ENG"]
[BlackCountry "ENG"]
[WhiteElo "1623"]
[WhiteRD "63"]
[BlackElo "1602"]
[BlackRD "54"]
[GameID "348333"]

1. d4 e6 2. Bf4 d5 3. e3 Nf6 4. Nd2 c5 5. c3 c4 6. Ngf3 Bd6 7. Bg3 Bxg3 8. hxg3 Nc6 9. Be2 b5 10. a3 a5
11. Qc2 a4 12. g4 g6 13. g5 Nd7 14. Rh2 f5 15. Nh4 Qxg5 16. Nhf3 Qf6 17. O-O-O h5 18. Rdh1 Bb7 19. Ng1 O-O-O 20. Nh3 Rh7
21. Nf4 Rdh8 22. g4 e5 23. dxe5 Ncxe5 24. gxh5 g5 25. Ng2 g4 26. Nf4 d4 27. cxd4 Bxh1 28. Rxh1 Nf7 29. Qd1 Ng5 30. Qg1 Ne6
31. Ng2 Rxh5 32. Rxh5 Rxh5 33. Nf4 Nxf4 34. Kd1 Qc6 35. Bf1 Nd3 36. Kc2 Nxb2 37. Kxb2 c3+
0-1

[Event "Rapid"]
[Site "SchemingMind.com"]
[Date "2014.02.20"]
[Round "-"]
[White "bobbassbone"]
[Black "elmar"]
[Result "0-1"]
[WhiteCountry "ENG"]
[BlackCountry "AZE"]
[WhiteElo "1623"]
[WhiteRD "63"]
[BlackElo "2043"]
[BlackRD "70"]
[GameID "348334"]

1. d4 Nf6 2. Bf4 d5 3. e3 a6 4. c3 Nbd7 5. Nd2 h6 6. Ngf3 c5 7. Bd3 c4 8. Bc2 Nb6 9. O-O e6 10. Re1 Nbd7
11. e4 b5 12. a3 Bb7 13. exd5 Nxd5 14. Bg3 N7f6 15. Ne4 Nxe4 16. Bxe4 Bd6 17. Bxd5 Bxd5 18. Bxd6 Qxd6 19. Qe2 O-O 20. Nd2 Qf4
21. Nf3 Rad8 22. Ne5 Rfe8 23. Qe3 Qxe3 24. Rxe3 f6 25. Ng6 Kf7 26. Nf4 e5 27. dxe5 fxe5 28. Nxd5 Rxd5 29. Re2 g5 30. Rae1 h5
31. f3 h4 32. g3 Kf6 33. f4 gxf4 34. gxf4 Rg8+ 35. Kf2 exf4 36. Re6+ Kf5 37. Rxa6 h3 38. Rae6 Rg2+ 39. Kf1 Rxh2 40. Re8 Rdd2
41. R1e5+ Kg4
0-1

[Event "Rapid"]
[Site "SchemingMind.com"]
[Date "2014.02.20"]
[Round "-"]
[White "elmar"]
[Black "bobbassbone"]
[Result "1-0"]
[WhiteCountry "AZE"]
[BlackCountry "ENG"]
[WhiteElo "2043"]
[WhiteRD "70"]
[BlackElo "1623"]
[BlackRD "63"]
[GameID "348335"]

1. Nf3 d5 2. d4 Nf6 3. Bf4 Bg4 4. e3 e6 5. h3 Bxf3 6. Qxf3 Nc6 7. a3 Bd6 8. Nd2 Bxf4 9. Qxf4 Qe7 10. c4 dxc4
11. Bxc4 O-O 12. O-O Rad8 13. Rac1 Nd5 14. Qg3 Qd6 15. Qxd6 Rxd6 16. Ne4 Rdd8 17. Nc5 b6 18. Bxd5 Rxd5 19. Na6 Rd6 20. Rc2 Rc8
21. Rfc1 Na5 22. Rxc7 Rxc7 23. Rxc7 Kf8 24. b4 Nb3 25. b5 Ke8 26. Rxa7 Nd2 27. Nb8 Nc4 28. a4 Na5 29. Rc7 Nb3 30. Nc6 Rd7
31. Rc8+
1-0